000 00954nam a2200349Ia 4500
005 20260514124332.0
008 008 261405s9999 xx 000 0 eng d
037 _aThesis
040 _aCRL
040 _beng
040 _cCRL
041 _2eng
041 _aeng
084 _qCRL
100 _aSingh Dr.Ankan
_91239403
245 0 _aTo Study Maternal HBV DNA in Pregnant Woman with Hepatitis B Infective and its Association with Transplancental Transmission to Infants.
260 _aDelhi
260 _bUniversity of Delhi
260 _c2015
300 _a85p.
502 _bPh.D.
502 _cUniversity of Delhi
502 _d2015
541 _oThesis
650 _aObstetrics & Gynecology
700 _aDr.Praveen Kumar
_91239404
700 _aDr.Sharda Patra,
_91239405
700 _aDr.Shiv Kumar Sarin
_91239406
710 _aObstetrics & Gynecology
_91239374
942 _cTH
999 _c1851684
_d1851684